[Event "Stay Safe Play From Home 345"]
[Site "Emanuel Lasker Arena"]
[Date "2020.07.30"]
[Round "5"]
[White "Dukic"]
[Black "Lazieri3"]
[Result "1-0"]
[WhiteElo "1815"]
[BlackElo "2049"]
[PlyCount "97"]
[EventDate "2020.07.30"]
[EventType "swiss (blitz)"]

1. c4 {[%emt 0:00:02]} c6 {[%emt 0:00:00]} 2. Nc3 {[%emt 0:00:02]} d5 {[%emt 0:00:00]} 3. cxd5 {[%emt 0:00:01]} cxd5 {[%emt 0:00:00]} 4. d4 {[%emt 0:00:01]} Nf6 {[%emt 0:00:00]} 5. Nf3 {[%emt 0:00:00]} Nc6 {[%emt 0:00:00]} 6. Bf4 {[%emt 0:00:01]} e6 {[%emt 0:00:02]} 7. e3 {[%emt 0:00:01]} Bd6 {[%emt 0:00:01]} 8. Bg5 {[%emt 0:00:01]} h6 {[%emt 0:00:01]} 9. Bh4 {[%emt 0:00:02]} O-O {[%emt 0:00:01]} 10. Bd3 {[%emt 0:00:01]} b6 {[%emt 0:00:02]} 11. O-O {[%emt 0:00:01]} a5 {[%emt 0:00:00]} 12. Qe2 {[%emt 0:00:02]} Nb4 {[%emt 0:00:02]} 13. Bb5 {[%emt 0:00:02]} Ba6 {[%emt 0:00:01]} 14. a3 {[%emt 0:00:03]} Bxb5 {[%emt 0:00:03]} 15. Qxb5 {[%emt 0:00:03]} Na6 {[%emt 0:00:08]} 16. Rac1 {[%emt 0:00:01]} g5 {[%emt 0:00:30]} 17. Bg3 {[%emt 0:00:07]} Bxg3 {[%emt 0:00:03]} 18. hxg3 {[%emt 0:00:01]} Qd7 {[%emt 0:00:04]} 19. Ne5 {[%emt 0:00:19]} Qxb5 {[%emt 0:00:03]} 20. Nxb5 {[%emt 0:00:01]} Rac8 {[%emt 0:00:02]} 21. Nc6 {[%emt 0:00:04]} Kg7 {[%emt 0:00:06]} 22. Nca7 {[%emt 0:00:05]} Rxc1 {[%emt 0:00:10]} 23. Rxc1 {[%emt 0:00:02]} Nb8 {[%emt 0:00:17]} 24. Rc7 {[%emt 0:00:04]} Nbd7 {[%emt 0:00:01]} 25. Nd6 {[%emt 0:00:16]} e5 {[%emt 0:00:08]} 26. Nc6 {[%emt 0:00:10]} exd4 {[%emt 0:00:03]} 27. exd4 {[%emt 0:00:02]} b5 {[%emt 0:00:14]} 28. Nxb5 {[%emt 0:00:03]} Re8 {[%emt 0:00:01]} 29. Kf1 {[%emt 0:00:10]} Re6 {[%emt 0:00:12]} 30. Nxa5 {[%emt 0:00:16]} Nb6 {[%emt 0:00:20]} 31. Rc6 {[%emt 0:00:06]} Nc4 {[%emt 0:00:13]} 32. Rxe6 {[%emt 0:00:03]} fxe6 {[%emt 0:00:01]} 33. Nxc4 {[%emt 0:00:04]} dxc4 {[%emt 0:00:00]} 34. Nd6 {[%emt 0:00:01]} Ne4 {[%emt 0:00:03]} 35. Nxe4 {[%emt 0:00:02]} Kf7 {[%emt 0:00:01]} 36. Ke2 {[%emt 0:00:01]} Ke7 {[%emt 0:00:00]} 37. Kd2 {[%emt 0:00:01]} e5 {[%emt 0:00:01]} 38. Kc3 {[%emt 0:00:00]} exd4+ {[%emt 0:00:00]} 39. Kxd4 {[%emt 0:00:01]} Ke6 {[%emt 0:00:00]} 40. Kxc4 {[%emt 0:00:01]} Kf5 {[%emt 0:00:00]} 41. Nd6+ {[%emt 0:00:01]} Kg4 {[%emt 0:00:01]} 42. b4 {[%emt 0:00:01]} h5 {[%emt 0:00:00]} 43. b5 {[%emt 0:00:01]} h4 {[%emt 0:00:00]} 44. gxh4 {[%emt 0:00:01]} Kxh4 {[%emt 0:00:02]} 45. b6 {[%emt 0:00:00]} Kg4 {[%emt 0:00:00]} 46. b7 {[%emt 0:00:00]} Kh4 {[%emt 0:00:00]} 47. b8=Q {[%emt 0:00:00]} Kg4 {[%emt 0:00:00]} 48. Qg8 {[%emt 0:00:01]} Kh5 {[%emt 0:00:01]} 49. Ne4 {[%emt 0:00:01] Time (Lag: Av=0.55s, max=1.1s)} 1-0

[Event "Stay Safe Play From Home 345"]
[Site "Emanuel Lasker Arena"]
[Date "2020.07.30"]
[Round "5"]
[White "Kongle"]
[Black "Timbre"]
[Result "1-0"]
[WhiteElo "1815"]
[BlackElo "1610"]
[Annotator "NA"]
[PlyCount "103"]
[EventDate "2020.07.30"]
[EventType "swiss (blitz)"]

1. d4 {[%emt 0:00:02]} d5 {[%emt 0:00:19]} 2. c4 {[%emt 0:00:03]} c6 {[%emt 0:00:01]} 3. Nc3 {[%emt 0:00:01]} Nf6 {[%emt 0:00:01]} 4. Bg5 {[%emt 0:00:03]} Bf5 {[%emt 0:00:03]} 5. e3 {[%emt 0:00:01]} e6 {[%emt 0:00:01]} 6. Nge2 {[%emt 0:00:02]} Bd6 {[%emt 0:00:03]} 7. Ng3 {[%emt 0:00:02]} Bg6 {[%emt 0:00:03]} 8. f4 {[%emt 0:00:04]} h6 {[%emt 0:00:02]} 9. Bh4 {[%emt 0:00:03]} Nbd7 {[%emt 0:00:07]} 10. Bd3 {[%emt 0:00:01]} Bxd3 {[%emt 0:00:03]} 11. Qxd3 {[%emt 0:00:01]} Qc7 {[%emt 0:00:01]} 12. c5 {[%emt 0:00:06]} Be7 {[%emt 0:00:02]} 13. O-O {[%emt 0:00:01]} O-O {[%emt 0:00:05]} 14. f5 {[%emt 0:00:02]} exf5 {[%emt 0:00:02]} 15. Nxf5 {[%emt 0:00:02]} Rae8 {[%emt 0:00:04]} 16. Bg3 {[%emt 0:00:11]} Qd8 {[%emt 0:00:02]} 17. Nxe7+ {[%emt 0:00:03]} Rxe7 {[%emt 0:00:03]} 18. Bd6 {[%emt 0:00:01]} Rfe8 {[%emt 0:00:05]} 19. Bxe7 {[%emt 0:00:02]} Rxe7 {[%emt 0:00:01]} 20. Rae1 {[%emt 0:00:01]} Ne4 {[%emt 0:00:02]} 21. Nxe4 {[%emt 0:00:07]} Rxe4 {[%emt 0:00:02]} 22. b4 {[%emt 0:00:07]} a6 {[%emt 0:00:02]} 23. a4 {[%emt 0:00:02]} Nf6 {[%emt 0:00:02]} 24. b5 {[%emt 0:00:01]} axb5 {[%emt 0:00:02]} 25. axb5 {[%emt 0:00:01]} Qc7 {[%emt 0:00:02]} 26. bxc6 {[%emt 0:00:07]} bxc6 {[%emt 0:00:02]} 27. Ra1 {[%emt 0:00:01]} Kh7 {[%emt 0:00:05]} 28. Rf4 {[%emt 0:00:06]} Qe7 {[%emt 0:00:11]} 29. g4 {[%emt 0:00:09]} g5 {[%emt 0:00:04]} 30. Rxe4 {[%emt 0:00:12]} Nxe4 {[%emt 0:00:02]} 31. Ra6 {[%emt 0:00:10]} Qe6 {[%emt 0:00:02]} 32. h3 {[%emt 0:00:06]} Kg7 {[%emt 0:00:01]} 33. Qf1 {[%emt 0:00:04]} Ng3 {[%emt 0:00:04]} 34. Qf3 {[%emt 0:00:01]} Ne4 {[%emt 0:00:07]} 35. Qf5 {[%emt 0:00:03]} Qe8 {[%emt 0:00:15]} 36. Qe5+ {[%emt 0:00:10]} Qxe5 {[%emt 0:00:06]} 37. dxe5 {[%emt 0:00:01]} Nxc5 {[%emt 0:00:06]} 38. Rxc6 {[%emt 0:00:01]} Ne6 {[%emt 0:00:01]} 39. Rd6 {[%emt 0:00:03]} Nc7 {[%emt 0:00:05]} 40. Rd7 {[%emt 0:00:01]} Ne6 {[%emt 0:00:02]} 41. Rxd5 {[%emt 0:00:01]} Kg6 {[%emt 0:00:04]} 42. Rd6 {[%emt 0:00:05]} h5 {[%emt 0:00:02]} 43. gxh5+ {[%emt 0:00:02]} Kxh5 {[%emt 0:00:01]} 44. Kg2 {[%emt 0:00:02]} g4 {[%emt 0:00:01]} 45. hxg4+ {[%emt 0:00:04]} Kxg4 {[%emt 0:00:01]} 46. Rd7 {[%emt 0:00:02]} Kf5 {[%emt 0:00:02]} 47. Rxf7+ {[%emt 0:00:03]} Kxe5 {[%emt 0:00:01]} 48. Re7 {[%emt 0:00:02]} Kf5 {[%emt 0:00:01]} 49. Kf3 {[%emt 0:00:04]} Ng5+ {[%emt 0:00:03]} 50. Ke2 {[%emt 0:00:03]} Ne4 {[%emt 0:00:01]} 51. Ra7 {[%emt 0:00:02]} Nc3+ {[%emt 0:00:02]} 52. Kd3 {[%emt 0:00:01] Time (Lag: Av=0.80s, max=1.5s)} 1-0

[Event "Stay Safe Play From Home 345"]
[Site "Emanuel Lasker Arena"]
[Date "2020.07.30"]
[Round "5"]
[White "Mehdi1887"]
[Black "Buzaglo"]
[Result "0-1"]
[WhiteElo "1693"]
[BlackElo "1756"]
[Annotator "NA"]
[PlyCount "50"]
[EventDate "2020.07.30"]
[EventType "swiss (blitz)"]

1. e4 {[%emt 0:00:01]} e5 {[%emt 0:00:01]} 2. f4 {[%emt 0:00:02]} d6 {[%emt 0:00:01]} 3. Nf3 {[%emt 0:00:01]} Nc6 {[%emt 0:00:01]} 4. Bc4 {[%emt 0:00:01]} Be7 {[%emt 0:00:01]} 5. O-O {[%emt 0:00:01]} Nf6 {[%emt 0:00:01]} 6. d3 {[%emt 0:00:02]} O-O {[%emt 0:00:01]} 7. f5 {[%emt 0:00:01]} Na5 {[%emt 0:00:03]} 8. Bb3 {[%emt 0:00:05]} Nxb3 {[%emt 0:00:01]} 9. axb3 {[%emt 0:00:01]} a6 {[%emt 0:00:01]} 10. Ng5 {[%emt 0:00:03]} d5 {[%emt 0:00:02]} 11. Qf3 {[%emt 0:00:03]} dxe4 {[%emt 0:00:01]} 12. Nxe4 {[%emt 0:00:02]} Nd5 {[%emt 0:00:20]} 13. Kh1 {[%emt 0:00:05]} f6 {[%emt 0:00:05]} 14. Na3 {[%emt 0:00:07]} b5 {[%emt 0:00:03]} 15. c4 {[%emt 0:00:04]} Nb4 {[%emt 0:00:04]} 16. cxb5 {[%emt 0:00:05]} Qxd3 {[%emt 0:00:08]} 17. Qxd3 {[%emt 0:00:06]} Nxd3 {[%emt 0:00:00]} 18. bxa6 {[%emt 0:00:05]} Bxa6 {[%emt 0:00:01]} 19. Rd1 {[%emt 0:00:02]} Rfd8 {[%emt 0:00:09]} 20. Nc4 {[%emt 0:00:02]} Bb7 {[%emt 0:00:07]} 21. Rxa8 {[%emt 0:00:09]} Bxa8 {[%emt 0:00:00]} 22. Nc3 {[%emt 0:00:04]} Nf2+ {[%emt 0:00:02]} 23. Kg1 {[%emt 0:00:03]} Nxd1 {[%emt 0:00:01]} 24. Kf1 {[%emt 0:00:14]} Nxc3 {[%emt 0:00:01]} 25. bxc3 {[%emt 0:00:02]} Rd1+ {[%emt 0:00:03] Mehdi1887 gibt auf (Lag: Av=0.69s, max=1.5s)} 0-1

[Event "Stay Safe Play From Home 345"]
[Site "Emanuel Lasker Arena"]
[Date "2020.07.30"]
[Round "5"]
[White "swolkenlosa"]
[Black "Padmaesh M K"]
[Result "0-1"]
[WhiteElo "1492"]
[BlackElo "1701"]
[Annotator "NA"]
[PlyCount "58"]
[EventDate "2020.07.30"]
[EventType "swiss (blitz)"]

1. d4 {[%emt 0:00:07]} Nf6 {[%emt 0:00:01]} 2. Nf3 {[%emt 0:00:01]} d5 {[%emt 0:00:00]} 3. g3 {[%emt 0:00:01]} Bg4 {[%emt 0:00:01]} 4. Bg2 {[%emt 0:00:02]} e6 {[%emt 0:00:00]} 5. h3 {[%emt 0:00:11]} Bh5 {[%emt 0:00:03]} 6. g4 {[%emt 0:00:04]} Bg6 {[%emt 0:00:01]} 7. Nh4 {[%emt 0:00:02]} Bd6 {[%emt 0:00:05]} 8. Nxg6 {[%emt 0:00:10]} hxg6 {[%emt 0:00:01]} 9. Be3 {[%emt 0:00:01]} Nbd7 {[%emt 0:00:03]} 10. Nc3 {[%emt 0:00:03]} c5 {[%emt 0:00:01]} 11. Nb5 {[%emt 0:00:02]} Qa5+ {[%emt 0:00:02]} 12. Nc3 {[%emt 0:00:05]} cxd4 {[%emt 0:00:01]} 13. Bxd4 {[%emt 0:00:01]} e5 {[%emt 0:00:01]} 14. Be3 {[%emt 0:00:03]} d4 {[%emt 0:00:01]} 15. Bd2 {[%emt 0:00:02]} dxc3 {[%emt 0:00:03]} 16. Bxc3 {[%emt 0:00:02]} Qb6 {[%emt 0:00:01]} 17. Qd3 {[%emt 0:00:12]} Nc5 {[%emt 0:00:04]} 18. Qd2 {[%emt 0:00:07]} Nce4 {[%emt 0:00:04]} 19. Bxe4 {[%emt 0:00:02]} Nxe4 {[%emt 0:00:00]} 20. Qe3 {[%emt 0:00:01]} Qxe3 {[%emt 0:00:02]} 21. fxe3 {[%emt 0:00:01]} Nxc3 {[%emt 0:00:01]} 22. bxc3 {[%emt 0:00:01]} Ke7 {[%emt 0:00:02]} 23. O-O-O {[%emt 0:00:01]} b6 {[%emt 0:00:01]} 24. c4 {[%emt 0:00:01]} Rad8 {[%emt 0:00:02]} 25. e4 {[%emt 0:00:01]} Ba3+ {[%emt 0:00:02]} 26. Kb1 {[%emt 0:00:04]} Rxd1+ {[%emt 0:00:00]} 27. Rxd1 {[%emt 0:00:03]} Rd8 {[%emt 0:00:00]} 28. Rf1 {[%emt 0:00:04]} Rd2 {[%emt 0:00:05]} 29. Rf3 {[%emt 0:00:06]} Rd1# {[%emt 0:00:02] Mate} 0-1

[Event "Stay Safe Play From Home 345"]
[Site "Emanuel Lasker Arena"]
[Date "2020.07.30"]
[Round "6"]
[White "Lazieri3"]
[Black "Klasman"]
[Result "1-0"]
[WhiteElo "2022"]
[BlackElo "1558"]
[Annotator "RC"]
[PlyCount "59"]
[EventDate "2020.07.30"]
[EventType "swiss (blitz)"]

1. e4 {[%emt 0:00:05]} f5 {[%emt 0:00:02]} 2. exf5 {[%emt 0:00:01]} Nf6 {[%emt 0:00:01]} 3. d4 {[%emt 0:00:03]} d5 {[%emt 0:00:02]} 4. Bd3 {[%emt 0:00:02]} e6 {[%emt 0:00:03]} 5. fxe6 {[%emt 0:00:01]} Nc6 {[%emt 0:00:01]} 6. c3 {[%emt 0:00:00]} Bd6 {[%emt 0:00:02]} 7. Nf3 {[%emt 0:00:00]} O-O {[%emt 0:00:01]} 8. O-O {[%emt 0:00:05]} Bxe6 {[%emt 0:00:01]} 9. Ng5 {[%emt 0:00:04]} Bg4 {[%emt 0:00:04]} 10. Be2 {[%emt 0:00:02]} Bf5 {[%emt 0:00:04]} 11. Bd3 {[%emt 0:00:03]} Bg4 {[%emt 0:00:02]} 12. Qc2 {[%emt 0:00:03]} h6 {[%emt 0:00:09]} 13. Nh7 {[%emt 0:00:01]} Nxh7 {[%emt 0:00:04]} 14. Bxh7+ {[%emt 0:00:00]} Kh8 {[%emt 0:00:01]} 15. Bd3 {[%emt 0:00:04]} Qh4 {[%emt 0:00:07]} 16. f4 {[%emt 0:00:02]} Rae8 {[%emt 0:00:12]} 17. g3 {[%emt 0:00:01]} Qh3 {[%emt 0:00:04]} 18. Qg2 {[%emt 0:00:02]} Qxg2+ {[%emt 0:00:06]} 19. Kxg2 {[%emt 0:00:00]} Na5 {[%emt 0:00:09]} 20. Nd2 {[%emt 0:00:02]} c5 {[%emt 0:00:09]} 21. dxc5 {[%emt 0:00:06]} Bxc5 {[%emt 0:00:02]} 22. b4 {[%emt 0:00:05]} Re3 {[%emt 0:00:12]} 23. Bg6 {[%emt 0:00:13]} Re2+ {[%emt 0:00:36]} 24. Kh1 {[%emt 0:00:02]} Bh3 {[%emt 0:00:01]} 25. bxc5 {[%emt 0:00:15]} Bxf1 {[%emt 0:00:09]} 26. Nxf1 {[%emt 0:00:00]} Nc4 {[%emt 0:00:29]} 27. f5 {[%emt 0:00:06]} Rd8 {[%emt 0:00:02]} 28. Bf4 {[%emt 0:00:03]} d4 {[%emt 0:00:04]} 29. cxd4 {[%emt 0:00:00]} Rxd4 {[%emt 0:00:01]} 30. Rc1 {[%emt 0:00:04] Time (Lag: Av=0.55s, max=0.8s)} 1-0

[Event "Stay Safe Play From Home 345"]
[Site "Emanuel Lasker Arena"]
[Date "2020.07.30"]
[Round "6"]
[White "Greblha"]
[Black "Kongle"]
[Result "1-0"]
[WhiteElo "1958"]
[BlackElo "1823"]
[PlyCount "37"]
[EventDate "2020.07.30"]
[EventType "swiss (blitz)"]

1. e4 {[%emt 0:00:01]} d5 {[%emt 0:00:03]} 2. Nc3 {[%emt 0:00:02]} d4 {[%emt 0:00:02]} 3. Nce2 {[%emt 0:00:01]} e5 {[%emt 0:00:02]} 4. Ng3 {[%emt 0:00:00]} c5 {[%emt 0:00:01]} 5. Nf3 {[%emt 0:00:01]} Nc6 {[%emt 0:00:02]} 6. Bc4 {[%emt 0:00:01]} Be7 {[%emt 0:00:04]} 7. d3 {[%emt 0:00:04]} Nf6 {[%emt 0:00:03]} 8. O-O {[%emt 0:00:03]} O-O {[%emt 0:00:02]} 9. a3 {[%emt 0:00:01]} Bg4 {[%emt 0:00:02]} 10. h3 {[%emt 0:00:01]} Bxf3 {[%emt 0:00:02]} 11. Qxf3 {[%emt 0:00:00]} h6 {[%emt 0:00:02]} 12. Nf5 {[%emt 0:00:01]} Re8 {[%emt 0:00:03]} 13. Qg3 {[%emt 0:00:08]} Bf8 {[%emt 0:00:10]} 14. Nxh6+ {[%emt 0:00:04]} Kh7 {[%emt 0:00:02]} 15. Nxf7 {[%emt 0:00:03]} Qe7 {[%emt 0:00:02]} 16. Ng5+ {[%emt 0:00:03]} Kg6 {[%emt 0:00:07]} 17. Nf7+ {[%emt 0:00:08]} Kh7 {[%emt 0:00:13]} 18. Qh4+ {[%emt 0:00:04]} Kg8 {[%emt 0:00:08]} 19. Ng5+ {[%emt 0:00:14] Kongle resigns (Lag: Av=0.56s, max=0.7s)} 1-0

[Event "Stay Safe Play From Home 345"]
[Site "Emanuel Lasker Arena"]
[Date "2020.07.30"]
[Round "6"]
[White "Dukic"]
[Black "Haris kollari 13"]
[Result "0-1"]
[WhiteElo "1842"]
[BlackElo "1860"]
[Annotator "NA RC"]
[PlyCount "86"]
[EventDate "2020.07.30"]
[EventType "swiss (blitz)"]

1. c4 {[%emt 0:00:03]} e6 {[%emt 0:00:00]} 2. Nc3 {[%emt 0:00:01]} c5 {[%emt 0:00:01]} 3. Nf3 {[%emt 0:00:02]} Nc6 {[%emt 0:00:01]} 4. d4 {[%emt 0:00:01]} cxd4 {[%emt 0:00:01]} 5. Nxd4 {[%emt 0:00:01]} Nf6 {[%emt 0:00:01]} 6. Ndb5 {[%emt 0:00:03]} d6 {[%emt 0:00:11]} 7. Bf4 {[%emt 0:00:01]} e5 {[%emt 0:00:01]} 8. Bg5 {[%emt 0:00:01]} a6 {[%emt 0:00:04]} 9. Na3 {[%emt 0:00:02]} Be7 {[%emt 0:00:02]} 10. Nc2 {[%emt 0:00:02]} Be6 {[%emt 0:00:01]} 11. Ne3 {[%emt 0:00:01]} h6 {[%emt 0:00:02]} 12. Bxf6 {[%emt 0:00:02]} gxf6 {[%emt 0:00:04]} 13. g3 {[%emt 0:00:01]} h5 {[%emt 0:00:01]} 14. h4 {[%emt 0:00:02]} f5 {[%emt 0:00:14]} 15. Bg2 {[%emt 0:00:05]} Rg8 {[%emt 0:00:13]} 16. Qd2 {[%emt 0:00:20]} f4 {[%emt 0:00:03]} 17. gxf4 {[%emt 0:00:08]} exf4 {[%emt 0:00:02]} 18. Bxc6+ {[%emt 0:00:06]} bxc6 {[%emt 0:00:01]} 19. Nc2 {[%emt 0:00:08]} f3 {[%emt 0:00:03]} 20. exf3 {[%emt 0:00:09]} Bxc4 {[%emt 0:00:03]} 21. O-O-O {[%emt 0:00:01]} Qb6 {[%emt 0:00:08]} 22. Rhe1 {[%emt 0:00:06]} Be6 {[%emt 0:00:15]} 23. Nd4 {[%emt 0:00:03]} Kd7 {[%emt 0:00:01]} 24. Qe3 {[%emt 0:00:08]} Rg6 {[%emt 0:00:04]} 25. f4 {[%emt 0:00:02]} Bxh4 {[%emt 0:00:21]} 26. Nf3 {[%emt 0:00:10]} Qxe3+ {[%emt 0:00:10]} 27. Rxe3 {[%emt 0:00:06]} Bf6 {[%emt 0:00:01]} 28. Ne5+ {[%emt 0:00:03]} Bxe5 {[%emt 0:00:04]} 29. fxe5 {[%emt 0:00:02]} d5 {[%emt 0:00:01]} 30. Ne4 {[%emt 0:00:03]} Kc7 {[%emt 0:00:04]} 31. Nc5 {[%emt 0:00:02]} Kb6 {[%emt 0:00:06]} 32. Rc3 {[%emt 0:00:18]} Rg5 {[%emt 0:00:05]} 33. f4 {[%emt 0:00:02]} Rf5 {[%emt 0:00:03]} 34. Rd4 {[%emt 0:00:02]} a5 {[%emt 0:00:02]} 35. Na4+ {[%emt 0:00:02]} Kc7 {[%emt 0:00:03]} 36. Nc5 {[%emt 0:00:09]} Rg8 {[%emt 0:00:01]} 37. Kc2 {[%emt 0:00:02]} Rg2+ {[%emt 0:00:05]} 38. Kb3 {[%emt 0:00:01]} Rg4 {[%emt 0:00:01]} 39. Rf3 {[%emt 0:00:02]} h4 {[%emt 0:00:01]} 40. Ka4 {[%emt 0:00:05]} Rg3 {[%emt 0:00:02]} 41. Rf2 {[%emt 0:00:02]} h3 {[%emt 0:00:02]} 42. Rh2 {[%emt 0:00:06]} Rh5 {[%emt 0:00:02]} 43. Kxa5 {[%emt 0:00:05]} Rg2 {[%emt 0:00:01] Zeit (Lag: Av=0.38s, max=0.6s)} 0-1

[Event "Stay Safe Play From Home 345"]
[Site "Emanuel Lasker Arena"]
[Date "2020.07.30"]
[Round "6"]
[White "Buzaglo"]
[Black "Weltszmerc"]
[Result "0-1"]
[WhiteElo "1770"]
[BlackElo "2046"]
[Annotator "TA"]
[PlyCount "170"]
[EventDate "2020.07.30"]
[EventType "swiss (blitz)"]

{[%evp 9,170,10,11,-25,-17,-25,-13,-10,0,0,11,0,54,20,57,14,7,0,0,0,0,-6,-6,-18,-14,-13,-17,-14,-11,-39,-23,-36,-37,-83,-78,-77,-63,-72,-72,-121,-63,-121,-98,-147,-143,-160,-158,-231,-243,-242,-242,-235,-220,-292,-304,-332,-247,-341,-245,-307,-279,-278,-278,-269,-10,-10,-10,-10,-14,-45,-59,-79,-8,-8,0,0,0,0,0,-153,-8,-72,-72,-72,-72,-72,-8,-8,0,0,0,0,0,0,0,0,0,0,29978,0,0,0,0,0,29990,29991,29990,18,18,18,204,204,204,196,196,189,188,181,181,181,156,0,0,-77,0,-80,-80,-29984,-29985,-29985,-29986,-29986,-29987,-29987,-29988,-29988,-29989,-29989,-29990,-29990,-29991,-29991,-29992,-29992,-29992,-29993,-29992,-29992,-29993,-29993,-29993,-29993,-29993,-29994,-29994,-29995,-29995,-29995,-29994,-29995,-29995,-29995,-29996]} 1. d4 Nf6 2. Nf3 b6 3. g3 Bb7 4. Bg2 e6 5. O-O Be7 6. Ne5 {A47: 1 d4 Nf6 2 Nf3 b6: Torre, London and Colle Systems.} Bxg2 7. Kxg2 O-O {[#]} 8. c4 $146 {The position is equal.} ({Predecessor:} 8. c3 c5 9. e3 d5 10. Nd2 Nfd7 11. Ndf3 Bf6 12. Nd3 Nc6 13. Qa4 Qc7 14. Qd1 {½-½ (29) Schwertel,J (1988)-Van Geffen,B (2135) Bad Sooden 2012}) 8... d6 9. Nf3 Nbd7 10. Nc3 e5 (10... d5 $11) 11. dxe5 Nxe5 12. Nxe5 dxe5 13. Qxd8 Rfxd8 14. Bg5 c6 15. Bxf6 Bxf6 16. Ne4 Be7 17. Rad1 f5 18. Nc3 Kf7 19. b3 e4 20. f3 Bb4 $36 {[%mdl 2048] Black is more active.} 21. Nb1 exf3+ 22. Kxf3 Ke6 23. a3 Be7 24. b4 g5 (24... a5 $17 25. bxa5 Rxd1 26. Rxd1 Rxa5) 25. h3 (25. e4 $15) 25... h5 26. Nc3 g4+ 27. hxg4 hxg4+ 28. Kg2 (28. Kf2 $17) 28... Bf6 $1 $19 {[%cal Rf6c3]} 29. Na2 Rxd1 30. Rxd1 Rd8 $1 {[%cal Rd8d1]} 31. Rxd8 Bxd8 {[%mdl 4096] Endgame KB-KN} 32. Kf2 Bg5 33. Nc3 Bd2 34. Nd1 Ke5 35. e3 Bc1 36. a4 a6 $2 (36... Bd2 $19 37. b5 cxb5 38. axb5 Bb4) 37. Ke2 $11 Ba3 38. b5 axb5 39. axb5 cxb5 40. cxb5 Bc5 ({Black should try} 40... Kd5 $1 $17 41. Kd3 Bd6 42. Nc3+ Kc5) 41. Kd3 Kf6 42. e4 Bd6 {Threatens to win with ...fxe4+.} 43. Ne3 Bxg3 44. Nxf5 $2 ({White should play} 44. exf5 $11 Bf4 45. Nxg4+ Kxf5 46. Nf2) 44... Be5 (44... Bf4 $17 45. Nd4 Bh2) 45. Ke3 (45. Ne3 $1 $11 Kg5 46. Nc4) 45... Kg5 $17 46. Ne7 Bd6 47. Nd5 Bc5+ ({Better is} 47... Kh4 $1 $17) 48. Ke2 $11 Kh4 49. e5 Kh3 50. e6 {And now e7 would win.} g3 51. Kf3 Kh2 52. Nf4 Bd6 53. Ng2 Kh1 $2 {[%mdl 8192]} (53... Kh3 $11) 54. Nh4 $2 (54. Ne3 Kg1 55. Nf5 $1 {[%mdl 576] Double Attack} g2 56. Ne3 (56. Nxd6 Kf1 $14) 56... Kh2 57. Nxg2 Ba3 58. Ne3 Kh3 59. Nf5) 54... Kh2 55. Ng2 Kh3 56. Nf4+ {[%mdl 64] Overworked Piece} Bxf4 $2 {[%mdl 8192] KB-KPP} (56... Kh2 $11) 57. e7 g2 58. Kxf4 $2 (58. e8=Q {mates} g1=N+ 59. Kxf4 Kg2 60. Ke3 Kh2 61. Qg6 Nh3 62. Qg4 Ng1 63. Kf2 Nh3+ 64. Kf1 Nf4 65. Qf3 Nh3 66. Qg2#) 58... g1=Q 59. e8=Q {Threatening mate with Qe3+. KQ-KQ} Qg3+ $2 (59... Qg4+ $11 60. Ke3 Qg5+ 61. Ke4 Kg2) 60. Kf5 $18 Qd3+ 61. Kf6 {Black must now prevent Qh5+.} Qf3+ 62. Kg7 Qc3+ 63. Kg8 Qc4+ 64. Kf8 $1 Qc5+ 65. Kg8 $2 (65. Kf7 $1 $16) 65... Kg4 66. Qg6+ {[#]} (66. Qc6 $11 {remains equal.} Qf2 67. Kg7) 66... Kf4 $1 $17 67. Qc6 {[#]} (67. Qe8 $1 $11 {keeps the balance.}) 67... Ke5 $1 {( -> ...Qxc6)} 68. Qxc5+ $4 {[%mdl 8192]} (68. Qe8+ $17 Kd4 69. Kh7) 68... bxc5 {KP-KP. Black mates.} 69. b6 Kd6 70. Kf7 Kc6 71. Ke6 c4 72. Ke5 c3 73. Kd4 c2 74. b7 Kxb7 {KP-K} 75. Kd3 c1=Q 76. Ke4 Qc6+ 77. Kf5 Kc7 78. Kf4 Kd7 79. Ke5 Qd6+ 80. Ke4 Ke7 81. Kf3 Ke6 82. Kg4 Qd5 83. Kg3 Qe5+ 84. Kf2 Kf6 85. Kg2 Kf5 {Quite a comeback for Black. Accuracy: White = 58%, Black = 71%.} 0-1

[Event "Stay Safe Play From Home 345"]
[Site "Emanuel Lasker Arena"]
[Date "2020.07.30"]
[Round "6"]
[White "Padmaesh M K"]
[Black "Mehdi1887"]
[Result "1-0"]
[WhiteElo "1709"]
[BlackElo "1679"]
[Annotator "NA RC"]
[PlyCount "55"]
[EventDate "2020.07.30"]
[EventType "swiss (blitz)"]

1. d4 {[%emt 0:00:03]} Nf6 {[%emt 0:00:01]} 2. c4 {[%emt 0:00:01]} d6 {[%emt 0:00:01]} 3. Nc3 {[%emt 0:00:01]} Nbd7 {[%emt 0:00:01]} 4. e4 {[%emt 0:00:01]} e5 {[%emt 0:00:02]} 5. d5 {[%emt 0:00:02]} Nc5 {[%emt 0:00:01]} 6. Qc2 {[%emt 0:00:05]} a5 {[%emt 0:00:03]} 7. Be3 {[%emt 0:00:11]} b6 {[%emt 0:00:02]} 8. a3 {[%emt 0:00:03]} Ng4 {[%emt 0:00:02]} 9. Bxc5 {[%emt 0:00:05]} bxc5 {[%emt 0:00:02]} 10. Be2 {[%emt 0:00:02]} Be7 {[%emt 0:00:03]} 11. Nf3 {[%emt 0:00:03]} O-O {[%emt 0:00:03]} 12. h3 {[%emt 0:00:01]} Nh6 {[%emt 0:00:03]} 13. g4 {[%emt 0:00:03]} Nxg4 {[%emt 0:00:28]} 14. hxg4 {[%emt 0:00:02]} Bxg4 {[%emt 0:00:02]} 15. O-O-O {[%emt 0:00:19]} Rb8 {[%emt 0:00:10]} 16. Rdg1 {[%emt 0:00:11]} Bxf3 {[%emt 0:00:12]} 17. Bxf3 {[%emt 0:00:02]} Rb7 {[%emt 0:00:07]} 18. Kb1 {[%emt 0:00:08]} Bg5 {[%emt 0:00:08]} 19. Rg2 {[%emt 0:00:08]} Bf4 {[%emt 0:00:01]} 20. Bg4 {[%emt 0:00:16]} Qe7 {[%emt 0:00:11]} 21. Qe2 {[%emt 0:00:08]} Rfb8 {[%emt 0:00:05]} 22. Nb5 {[%emt 0:00:26]} Qe8 {[%emt 0:00:11]} 23. Bf5 {[%emt 0:00:11]} g6 {[%emt 0:00:05]} 24. Qh5 {[%emt 0:00:02]} Kf8 {[%emt 0:00:07]} 25. Qxh7 {[%emt 0:00:01]} c6 {[%emt 0:00:05]} 26. dxc6 {[%emt 0:00:04]} Qxc6 {[%emt 0:00:02]} 27. Bxg6 {[%emt 0:00:03]} Rxb5 {[%emt 0:00:07]} 28. Qxf7# {[%emt 0:00:02] (Lag: Av=0.77s, max=1.1s)} 1-0